Declaración de la conferencia de partidos comunistas y obreros de Centroamérica, México y Panamá
Gorde:
| Formatua: | Texto |
|---|---|
| Hizkuntza: | Spanish |
| Gaiak: | |
| Etiketak: |
Etiketa erantsi
Etiketarik gabe, Izan zaitez lehena erregistro honi etiketa jartzen!
|
MARC
| LEADER | 00000 a a2200000 04500 | ||
|---|---|---|---|
| 003 | cru CIDCACS/IIS | ||
| 005 | 20191125102101.0 | ||
| 008 | 191001b ||||| |||| 00| 0 spa d | ||
| 999 | |c 42635 |d 42635 | ||
| 040 | |c cru CIDCACS/IIS | ||
| 245 | 0 | |a Declaración de la conferencia de partidos comunistas y obreros de Centroamérica, México y Panamá | |
| 300 | |a páginas 529-530 | ||
| 650 | 0 | |a COMUNISMO |9 373 | |
| 650 | 0 | |a CLASE OBRERA |9 3309 | |
| 650 | 0 | |a CAPITALISMO |9 64 | |
| 650 | 4 | |a IMPERIALISMO |9 1924 | |
| 651 | 0 | |9 3410 |a MEXICO | |
| 651 | 0 | |9 353 |a PANAMA | |
| 773 | 0 | |0 42391 |9 3860 |a Agencia Latinoamericana de Información, ALAI |d Quito, Ecuador: ALAI |o 04486 |t ALAI: |x 08275564 (Servicio mensual de información y documentación) | |
| 942 | |2 ddc |c PP | ||
